Statistiken für Libanon-Quiz

Klicken Sie hier um das Quiz zu spielen!

Allgemein

  • Dieses Quiz wurde 895 mal gespielt
  • Das Durchschnittsergebnis liegt bei 10 aus 20

Antwortstatistiken

FrageAntwort% Korrekt
Hauptstadt von LibanonBeirut
96%
NachbarlandIsrael
95%
NachbarlandSyrien
93%
AmtsspracheArabisch
92%
Europäisches Land, das Libanon 1923-46 als Mandat kontrollierteFrankreich
71%
Ehemaliger Spitzname dieser Stadt{Paris} des Nahen Ostens
59%
Baum, der auf der Flagge abgebildet istZeder
58%
Zweitgrößte Stadt in Libanon, deren Name "drei Städte" bedeutetTripoli
54%
Schiitische Partei und Miliz, die von der EU als Terrorgruppe deklariert wirdHisbollah
44%
"Aufgehende" Region, zu der Libanon gehört (Anfangsbuchstabe L)Levante
43%
Antikes Volk aus Libanon, das zahlreiche Kolonien am Mittelmeer errichtetePhönizier
42%
Material, das im Altertum in der Stadt Byblos aus Ägypten importiert wurdePapyrus
39%
Libanesische Anwältin und Frau von George Clooney{Amal} Clooney
36%
Substanz, deren Explosion in August 2020 in der Hauptstadt 157 Tote verursachte{Ammonium}nitrat
33%
Währung von LibanonPfund
30%
Lokale Religion, die Elemente aus dem Islam, Christentum, Hinduismus,
und griechischer Philosophie vereinigt (Anfangsbuchstabe D)
Drusentum
24%
Stadt des obigen Volks, die Alexander der Große eroberte und von einer Insel zu einer Halbinsel umwandelteTyros
21%
Wichtigste Hafenstadt im antiken LibanonSidon
19%
Stadt, in der sich der Bacchustempel befindetBaalbek
17%
Größte christliche Gemeinschaft Libanons{Maronitische} Kirche
16%

Verteilung der Resultate

Perzentil nach korrekt beantworteten Fragen

Anzahl Personen mit jedem Resultat

Ihre Resultats-Entwicklung

Sie haben dieses Quiz noch nicht gespielt